Ariana Grande Sweetener Songs - Statistics

General Stats
  • This quiz has been taken 224 times
  • The average score is 13 of 15
Answer Stats
Hint Answer % Correct
. sweetener
94%
. no tears left to cry
92%
. god is a woman
91%
. blazed
90%
. the light is coming
90%
. pete davidson
87%
. breathin
85%
. raindrops (an angel cried)
85%
. R.E.M.
85%
. goodnight n go
84%
. successful
84%
. get well soon
82%
. everytime
80%
. borderline
77%
. better off
74%
No matching quizzes found
Score Distribution
Percent of People with Each Score
Percentile by Number Answered
Your Score History
You have not taken this quiz